<?xml version="1.0" encoding="UTF-8"?>
<record
    xmlns:xsi="http://www.w3.org/2001/XMLSchema-instance"
    xsi:schemaLocation="http://www.loc.gov/MARC21/slim http://www.loc.gov/standards/marcxml/schema/MARC21slim.xsd"
    xmlns="http://www.loc.gov/MARC21/slim">

  <leader>00915nam2a22002411  4500</leader>
  <controlfield tag="001">RU\NLR\INFOCOMM34\5000001740</controlfield>
  <controlfield tag="005">20250616235953.0</controlfield>
  <datafield tag="035" ind1=" " ind2=" ">
    <subfield code="a">(NLR Aleph) 002297255</subfield>
  </datafield>
  <datafield tag="090" ind1=" " ind2=" ">
    <subfield code="a">4191449</subfield>
    <subfield code="c">4191449</subfield>
  </datafield>
  <datafield tag="100" ind1=" " ind2=" ">
    <subfield code="a">20060208d2002    |||y0rusy50      ca</subfield>
  </datafield>
  <datafield tag="101" ind1="0" ind2=" ">
    <subfield code="a">rus</subfield>
  </datafield>
  <datafield tag="102" ind1=" " ind2=" ">
    <subfield code="a">RU</subfield>
  </datafield>
  <datafield tag="105" ind1=" " ind2=" ">
    <subfield code="a">y   ||||000|y</subfield>
  </datafield>
  <datafield tag="200" ind1="0" ind2=" ">
    <subfield code="a">&#x412;&#x44B;&#x43F;.4</subfield>
  </datafield>
  <datafield tag="210" ind1=" " ind2=" ">
    <subfield code="d">2002</subfield>
    <subfield code="a">&#x411;. &#x43C;.</subfield>
  </datafield>
  <datafield tag="461" ind1=" " ind2="0">
    <subfield code="1">001RU\NLR\INFOCOMM34\5000001739</subfield>
    <subfield code="1">2001#$a&#x421;&#x43E;&#x43B;&#x43E;&#x432;&#x44C;&#x435;&#x432;&#x441;&#x43A;&#x438;&#x435; &#x438;&#x441;&#x441;&#x43B;&#x435;&#x434;&#x43E;&#x432;&#x430;&#x43D;&#x438;&#x44F;$e&#x41F;&#x435;&#x440;&#x438;&#x43E;&#x434;. &#x441;&#x431;. &#x43D;&#x430;&#x443;&#x447;. &#x442;&#x440;.$f&#x418;&#x432;&#x430;&#x43D;. &#x433;&#x43E;&#x441;. &#x44D;&#x43D;&#x435;&#x440;&#x433;. &#x443;&#x43D;-&#x442;$v&#x412;&#x44B;&#x43F;.4</subfield>
    <subfield code="9">4116099</subfield>
    <subfield code="c">&#x418;&#x432;&#x430;&#x43D;&#x43E;&#x432;&#x43E;</subfield>
    <subfield code="d">2002-</subfield>
    <subfield code="f">&#x418;&#x432;&#x430;&#x43D;. &#x433;&#x43E;&#x441;. &#x44D;&#x43D;&#x435;&#x440;&#x433;. &#x443;&#x43D;-&#x442;</subfield>
    <subfield code="n">&#x418;&#x413;&#x42D;&#x423;</subfield>
    <subfield code="o">&#x41F;&#x435;&#x440;&#x438;&#x43E;&#x434;. &#x441;&#x431;. &#x43D;&#x430;&#x443;&#x447;. &#x442;&#x440;.</subfield>
    <subfield code="t">&#x421;&#x43E;&#x43B;&#x43E;&#x432;&#x44C;&#x435;&#x432;&#x441;&#x43A;&#x438;&#x435; &#x438;&#x441;&#x441;&#x43B;&#x435;&#x434;&#x43E;&#x432;&#x430;&#x43D;&#x438;&#x44F;</subfield>
    <subfield code="x">2076-9210</subfield>
    <subfield code="v">&#x412;&#x44B;&#x43F;.4</subfield>
  </datafield>
  <datafield tag="801" ind1=" " ind2="1">
    <subfield code="a">RU</subfield>
    <subfield code="b">InfoComm</subfield>
    <subfield code="c">20060208</subfield>
  </datafield>
  <datafield tag="801" ind1=" " ind2="0">
    <subfield code="a">RU</subfield>
    <subfield code="b">NLR</subfield>
    <subfield code="g">PSBO</subfield>
  </datafield>
  <datafield tag="852" ind1=" " ind2=" ">
    <subfield code="a">NLR</subfield>
    <subfield code="j">&#x41F;25/477</subfield>
  </datafield>
  <datafield tag="942" ind1=" " ind2=" ">
    <subfield code="c">ISSUE</subfield>
  </datafield>
  <datafield tag="980" ind1=" " ind2=" ">
    <subfield code="a">NB</subfield>
  </datafield>
  <datafield tag="980" ind1=" " ind2=" ">
    <subfield code="a">RUSPER</subfield>
  </datafield>
</record>
